000 00517nam a2200181Ia 4500
001 23892
005 20260414151007.0
008 260414t2024||||xx |||||||||||||| ||spa||
041 _aESP
082 _a720.9
_bR714
100 _aRahm, Philippe,
_eAUT
245 0 _aHistoria natural de la arquitectura :
_bómo el clima, las epidemias y la energía dieron forma a la ciudad y los edificios
260 _c2024
300 _a319 páginas :
_c22 cm.
650 _aABD
654 _aCAU
942 _cLIB
_dJUS
_fJUS
_2ddc
_n
999 _c23892
_d23892